[Event "AUTO-MASTER-1093"]
[Site "http://www.queenalice.com/game.php?id=805170"]
[Date "2010.7.18"]
[Round "2"]
[White "Alexandrovinsk"]
[Black "Patibong"]
[Result "0-1"]
[WhiteElo "2130"]
[BlackElo "1892"]

1. e4 c5 2. Nf3 Nc6 3. Nc3 Nf6 4. d3 e6 5. g3 Be7 6. Bg2 O-O 7. O-O d5 8. Bg5 h6
9. Bd2 a6 10. Qe2 d4 11. Nd1 e5 12. Ne1 Bg4 13. f3 Be6 14. h3 Nh5 15. Kh2 Bg5
16. f4 exf4 17. gxf4 Nxf4 18. Bxf4 Bxf4+ 19. Rxf4 Qd6 20. e5 Nxe5 21. Kh1 Rae8
22. Re4 Bd5 23. Nf2 f5 24. Rxe5 Rxe5 25. Qh5 f4 26. Qh4 Rg5 27. Nf3 Rg3 28. Ne4
Qc6 29. Ne5 Qe6 30. Ng4 Rxg2 31. Kxg2 Bxe4+ 32. dxe4 Qxe4+ 33. Kg1 Qxc2 34. Qh5
f3 35. Rf1 Qg2# 0-1

[Event "AUTO-MASTER-1183"]
[Site "http://www.queenalice.com/game.php?id=812991"]
[Date "2010.8.4"]
[Round "1"]
[White "afonso092"]
[Black "Patibong"]
[Result "1-0"]
[WhiteElo "2008"]
[BlackElo "2083"]

1. e4 c5 2. Nf3 Nc6 3. a3 Nf6 4. Nc3 e6 5. Bc4 Be7 6. O-O O-O 7. d3 d5 8. exd5
exd5 9. Ba2 Bg4 10. Bg5 Ne5 11. Bxf6 Bxf6 12. Bxd5 Rb8 13. Be4 b5 14. h3 Bh5 15.
g4 Bg6 16. Bxg6 fxg6 17. Nxe5 Bxe5 18. Qd2 Qh4 19. Kg2 Rf4 20. Ne2 1-0

[Event "AUTO-MASTER-1183"]
[Site "http://www.queenalice.com/game.php?id=812992"]
[Date "2010.8.4"]
[Round "1"]
[White "Patibong"]
[Black "afonso092"]
[Result "0-1"]
[WhiteElo "2042"]
[BlackElo "1986"]

1. e4 e5 2. Nf3 d6 3. Nc3 Nf6 4. Bc4 Be7 5. h3 O-O 6. O-O Nc6 7. d4 exd4 8. Nxd4
Nxd4 9. Qxd4 Be6 10. Be3 Bxc4 11. Qxc4 h6 12. Rad1 Qc8 13. Nd5 Nxd5 14. Qxd5 c6
15. Qh5 Qe6 16. Qg4 Qxg4 17. hxg4 a6 18. Bb6 f6 19. c4 Rac8 20. b4 c5 21. bxc5
dxc5 0-1

[Event "AUTO-MASTER-1183"]
[Site "http://www.queenalice.com/game.php?id=813005"]
[Date "2010.8.4"]
[Round "1"]
[White "Sbilf"]
[Black "Patibong"]
[Result "1-0"]
[WhiteElo "1886"]
[BlackElo "2106"]

1. e4 c5 2. c3 e5 3. Nf3 Nc6 4. Bc4 Nf6 5. Ng5 d5 6. exd5 Na5 7. Bb5+ Bd7 8. Qa4
a6 9. Bxd7+ Nxd7 10. d3 b5 11. Qe4 Be7 12. Nf3 O-O 13. O-O f5 14. Qe2 Bd6 15. c4
e4 16. Nfd2 Ne5 17. dxe4 Naxc4 18. b3 Nxd2 19. Bxd2 Ng4 20. h3 Qh4 21. exf5 Nh2
22. Re1 Rxf5 23. Qe6+ Rf7 24. Qxd6 Nf3+ 25. gxf3 Rxf3 26. Qh2 Raf8 27. Be3 Rxh3
28. Qg2 1-0

[Event "AUTO-MASTER-1183"]
[Site "http://www.queenalice.com/game.php?id=813006"]
[Date "2010.8.4"]
[Round "1"]
[White "Patibong"]
[Black "Sbilf"]
[Result "1-0"]
[WhiteElo "2136"]
[BlackElo "1910"]

1. e4 e5 2. Nf3 Nc6 3. Bc4 Bc5 4. O-O d6 5. h3 Nf6 6. a3 Nxe4 7. c3 h6 8. d4
exd4 9. cxd4 Bb6 10. Nc3 Nxc3 11. Re1+ Ne7 12. bxc3 O-O 13. Nh4 d5 14. Bd3 Re8
15. Bd2 c6 16. Qh5 Qd6 17. Re3 Be6 18. Rg3 Kh8 19. Rxg7 Kxg7 20. Qxh6+ 1-0

[Event "AUTO-MASTER-1183"]
[Site "http://www.queenalice.com/game.php?id=813015"]
[Date "2010.8.4"]
[Round "1"]
[White "Patibong"]
[Black "goldaric"]
[Result "0-1"]
[WhiteElo "1926"]
[BlackElo "1984"]

1. e4 Nf6 2. Nf3 Nxe4 3. Bc4 d5 4. Be2 Bg4 5. O-O e6 6. h3 Bh5 7. d3 Nf6 8. Nc3
a6 9. Bg5 Be7 10. Ne5 Bxe2 11. Nxe2 Nbd7 12. Bf4 c5 13. Ng3 Nxe5 14. Bxe5 Bd6
15. Bc3 d4 16. Bd2 Qc7 17. Qf3 O-O 18. Nh5 Nxh5 19. Qxh5 Bf4 20. Bxf4 Qxf4 21.
Rad1 Rac8 22. Rfe1 b5 23. Re4 Qf6 24. Rh4 h6 25. Rg4 Rfd8 26. Re1 Rd5 27. Qh4
Qxh4 28. Rxh4 c4 29. Re2 e5 30. Rhe4 f6 31. f4 Re8 32. Kf2 Kf7 33. Kf3 Kg6 34.
g4 f5 35. Rxe5 fxg4+ 36. hxg4 Red8 37. Re6+ Kh7 38. Rxa6 cxd3 39. cxd3 Rc8 40.
Re7 Rc1 41. Raa7 Rf1+ 42. Ke4 Rd8 43. Rxg7+ Kh8 44. Rh7+ Kg8 45. Rag7+ Kf8 46.
Rh8+ Kxg7 47. Rxd8 Rf2 0-1

[Event "AUTO-MASTER-1183"]
[Site "http://www.queenalice.com/game.php?id=813016"]
[Date "2010.8.4"]
[Round "1"]
[White "goldaric"]
[Black "Patibong"]
[Result "1-0"]
[WhiteElo "1934"]
[BlackElo "2141"]

1. e4 c5 2. d3 Nc6 3. Be3 Nf6 4. h3 e6 5. Nf3 Be7 6. Be2 O-O 7. c3 d5 8. e5 Nd7
9. d4 Kh8 10. Nbd2 f6 11. exf6 Rxf6 12. Bg5 Rf7 13. Bxe7 Qxe7 14. Qc2 c4 15. O-O
e5 16. dxe5 Ncxe5 17. Rae1 b6 18. Nd4 Bb7 19. Bh5 Rf6 20. f4 g6 21. Bg4 Qd6 22.
fxe5 Nxe5 23. Rxf6 Qxf6 24. Rf1 Qg5 25. N2f3 Qe3+ 26. Qf2 Nxg4 27. hxg4 Qe7 28.
Re1 Qd7 29. Qh4 Rf8 30. Re7 1-0

[Event "AUTO-MASTER-1039"]
[Site "http://www.queenalice.com/game.php?id=815621"]
[Date "2010.8.9"]
[Round "2"]
[White "Patibong"]
[Black "SirKnight"]
[Result "0-1"]
[WhiteElo "1827"]
[BlackElo "2020"]

1. e4 e5 2. Nf3 Nc6 3. Bc4 Nf6 4. O-O Nxe4 5. d4 d5 6. Bb5 Be7 7. Nxe5 Bd7 8.
Nxd7 Qxd7 9. c4 O-O 10. Nc3 Nxc3 11. bxc3 a6 12. cxd5 Qxd5 13. Ba4 b5 14. Bc2
Bf6 15. Qd3 g6 16. Bh6 Bg7 17. Bxg7 Kxg7 18. Bb3 Qd6 19. Rae1 Rae8 0-1

[Event "AUTO-MASTER-1039"]
[Site "http://www.queenalice.com/game.php?id=815622"]
[Date "2010.8.9"]
[Round "2"]
[White "SirKnight"]
[Black "Patibong"]
[Result "1-0"]
[WhiteElo "2011"]
[BlackElo "1836"]

1. e4 c5 2. Nf3 Nc6 3. d4 cxd4 4. Nxd4 Nf6 5. Nc3 e6 6. Nxc6 bxc6 7. Bc4 Be7 8.
O-O d5 9. exd5 cxd5 10. Bb5+ Bd7 11. Bf4 O-O 12. Qe2 Bxb5 13. Nxb5 Qb6 14. c3 a6
15. Nd4 Bc5 16. Nb3 Bd6 17. Bxd6 Qxd6 18. Rfe1 h6 19. Rad1 1-0